[Event "COL-ch"]
[Site "Palmira"]
[Date "2017.05.17"]
[Round "4"]
[White "Diaz, Nestor"]
[Black "Cifuentes, Santiago"]
[Result "0-1"]
[WhiteElo "1634"]
[BlackElo "1553"]
[PlyCount "31"]
[EventDate "2017.05.15"]
[EventType "swiss"]
[EventRounds "10"]
[EventCountry "COL"]
[SourceTitle "CBM 178 Extra"]
[Source "ChessBase"]
[SourceDate "2017.06.22"]
[SourceVersion "1"]
[SourceVersionDate "2017.06.22"]
[SourceQuality "1"]

1. e4 e5 2. d4 exd4 3. Bc4 Nc6 4. Nf3 Nf6 5. e5 d5 6. exf6 dxc4 7. Qe2+ Be6 8. fxg7 Bxg7 9. 0-0 Qd7 10. Bg5 f6 11. Bh4 0-0-0 12. Nbd2 d3 13. cxd3 cxd3 14. Qd1 Bg4 15. Qa4 Nd4 16. Nxd4 0-1

[Event "Cali op-C 11th"]
[Site "Cali"]
[Date "2009.12.27"]
[Round "2.25"]
[White "Solano, William"]
[Black "Diaz, Nestor"]
[Result "0-1"]
[WhiteElo "1600"]
[BlackElo "1640"]
[PlyCount "92"]
[EventDate "2009.12.26"]
[EventType "swiss"]
[EventRounds "8"]
[EventCountry "COL"]
[SourceTitle "EXT 2024"]
[Source "ChessBase"]
[SourceDate "2023.10.10"]
[SourceVersion "1"]
[SourceVersionDate "2023.10.10"]
[SourceQuality "1"]

1. e4 d5 2. exd5 Qxd5 3. d4 e5 4. Be3 exd4 5. Qxd4 Qxd4 6. Bxd4 Bf5 7. Bb5+ c6 8. Ba4 Nd7 9. Nc3 Ngf6 10. 0-0-0 0-0-0 11. Bb3 Bg6 12. f3 Bc5 13. Nge2 Bxd4 14. Rxd4 Nc5 15. Rhd1 Nxb3+ 16. axb3 Rxd4 17. Rxd4 Re8 18. h3 Nd7 19. f4 f5 20. Rc4 Bf7 21. Rd4 Nf6 22. Kd2 Kc7 23. Rd3 Ne4+ 24. Nxe4 Rxe4 25. g3 a5 26. Nd4 g6 27. Nf3 Re7 28. Ne5 Bd5 29. c4 Be4 30. Rc3 c5 31. Ke3 Bg2 32. h4 Re8 33. Rc2 Be4 34. Rh2 Re6 35. Kd2 Rd6+ 36. Kc1 Rb6 37. Rd2 Rxb3 38. Rd7+ Kc8 39. Rxh7 Rxg3 40. Rg7 Rg1+ 41. Kd2 Rb1 42. Rxg6 Rxb2+ 43. Kc3 Rh2 44. Rh6 a4 45. Rh8+ Kc7 46. Ng6 Rc2# 0-1

[Event "Cali op-C"]
[Site "Cali"]
[Date "2008.12.28"]
[Round "6"]
[White "Diaz, Nestor"]
[Black "Vergara, Fernando"]
[Result "1-0"]
[WhiteElo "1606"]
[BlackElo "1600"]
[PlyCount "49"]
[EventDate "2008.12.26"]
[EventType "swiss"]
[EventRounds "9"]
[EventCountry "COL"]
[SourceTitle "EXT 2011"]
[Source "ChessBase"]
[SourceDate "2010.11.26"]
[SourceVersion "1"]
[SourceVersionDate "2010.11.26"]
[SourceQuality "1"]

1. e4 c5 2. Nc3 d6 3. Nf3 Nf6 4. Bc4 h6 5. d3 a6 6. a3 Nc6 7. 0-0 Bg4 8. h3 Bxf3 9. Qxf3 Nd4 10. Qd1 e5 11. f4 Qe7 12. Nd5 Nxd5 13. Bxd5 0-0-0 14. fxe5 f6 15. c3 Nc6 16. Bxc6 bxc6 17. Qa4 Kb7 18. exf6 gxf6 19. Rf5 Qg7 20. Bf4 Rg8 21. g3 Re8 22. b4 Re5 23. bxc5 Rxc5 24. Rxc5 dxc5 25. Rb1+ 1-0

[Event "Cali op-C"]
[Site "Cali"]
[Date "2008.12.28"]
[Round "5"]
[White "Pinzon, Edgar Andres"]
[Black "Diaz, Nestor"]
[Result "0-1"]
[WhiteElo "1600"]
[BlackElo "1606"]
[PlyCount "108"]
[EventDate "2008.12.26"]
[EventType "swiss"]
[EventRounds "9"]
[EventCountry "COL"]
[SourceTitle "EXT 2011"]
[Source "ChessBase"]
[SourceDate "2010.11.26"]
[SourceVersion "1"]
[SourceVersionDate "2010.11.26"]
[SourceQuality "1"]

1. d4 d5 2. c4 c6 3. Nc3 e6 4. e4 dxe4 5. Nxe4 Nf6 6. Nxf6+ Qxf6 7. Bd3 c5 8. dxc5 Bxc5 9. Nf3 h6 10. 0-0 0-0 11. Qe2 Nc6 12. Re1 Nd4 13. Nxd4 Bxd4 14. Bd2 Bd7 15. Qe4 Qxf2+ 16. Kh1 f5 17. Qxb7 Qxd2 18. Rad1 Qxb2 19. Qxd7 Kh8 20. Qxe6 Rae8 21. Qxe8 Rxe8 22. Rxe8+ Kh7 23. Bxf5+ g6 24. Re7+ Bg7 25. g3 gxf5 26. Rdd7 Qa1+ 27. Kg2 Qxa2+ 28. Kh3 Qa1 29. c5 Kg6 30. Rxg7+ Kh5 31. Kg2 Qb2+ 32. Kg1 Qc1+ 33. Kf2 Qxc5+ 34. Kf3 a5 35. Ra7 a4 36. Rgc7 Qd5+ 37. Kf2 Qd2+ 38. Kf3 Qd3+ 39. Kf2 a3 40. Rf7 Qc2+ 41. Kf3 Qe4+ 42. Kf2 a2 43. Rxa2 Qd4+ 44. Ke1 Qg1+ 45. Ke2 Qxh2+ 46. Kf3 Qxa2 47. Rxf5+ Kg6 48. Rf4 Qd5+ 49. Kf2 h5 50. Ke3 Qg2 51. Rf3 Kg5 52. Rf8 Qxg3+ 53. Ke2 Qe5+ 54. Kf3 h4 0-1